[Event "XLV Sevilla Open 2020"]
[Site "Sevilla"]
[Date "2020.01.13"]
[Round "4.4"]
[White "Li, Di"]
[Black "Estremera Panos, Sergio"]
[Result "1-0"]
[WhiteElo "2562"]
[BlackElo "2307"]
[Annotator "TA"]
[PlyCount "103"]
[EventDate "2020.01.05"]
[EventType "swiss"]
[EventCountry "ESP"]
[SourceTitle "playchess.com"]
[Source "ChessBase"]
[SourceQuality "1"]

{[%evp 16,103,29,23,23,28,28,25,25,17,0,0,0,0,0,-15,0,-21,-4,-38,-10,-29,0,0,0,0,0,0,0,0,98,90,88,102,109,100,120,100,139,121,142,148,130,103,206,201,224,200,200,200,289,290,394,528,458,529,490,479,427,365,362,358,360,348,346,356,345,342,352,345,549,527,1102,1061,915,680,959,841,1861,1771,886,1065,29971,29972,29976,29977,6119,6127,29989,29986]} 1. e4 c5 2. Nf3 Nc6 3. Bb5 g6 4. Bxc6 dxc6 5. d3 Bg7 6. h3 Nf6 7. Nc3 Nd7 8. Be3 e5 9. Qd2 h6 {B31: Sicilian: 2...Nc6 3 Bb5 g6} 10. O-O (10. a3 b6 11. b4 Nf8 12. bxc5 Ne6 13. cxb6 axb6 14. Qc1 f5 15. a4 f4 16. Bd2 O-O 17. Qb2 {0-1 (51) Meier,G (2628)-Caruana,F (2819) Karlsruhe/Baden Baden 2019}) 10... b6 11. Nh2 Nf8 {White has an edge.} 12. f4 exf4 13. Rxf4 Be6 14. Rff1 $146 ({Predecessor:} 14. a3 Qd6 15. Rff1 {0-1 (35) Beukes,D (2117)-Klaasen,C (2282) Pretoria 2019}) 14... g5 15. a3 Qd6 16. Rab1 O-O-O 17. Ne2 Ng6 18. b4 {Threatens to win with bxc5.} cxb4 (18... c4 $5 {[%cal Rc4d3]} 19. d4 Ne7 $15) 19. axb4 Nh4 20. Nf3 $1 $36 {[%mdl 2048] White is pushing.} Nxf3+ 21. Rxf3 Qd7 22. Rbf1 Rdf8 (22... Be5 $11 {remains equal.}) 23. Ng3 $1 $16 g4 24. hxg4 Bxg4 25. R3f2 h5 26. Nf5 Bxf5 27. Rxf5 ({Don't play} 27. exf5 Be5 $11) 27... h4 28. Kh1 Qe6 29. Qf2 {[%cal Rf5f7]} h3 {[#]} (29... Be5 $16) 30. g3 $1 $18 Be5 {[#]} 31. Bd4 $1 {[%cal Rd4e5]} (31. Rxf7 Rxf7 32. Qxf7 Qxf7 $14) 31... Bxd4 32. Qxd4 Rh7 (32... h2 {might work better.} 33. Rf6 Qd7 34. Qxd7+ Kxd7) 33. Rf6 Qd7 34. Rd6 Qc7 35. Rff6 Kb8 36. Rxc6 Rd8 37. Qf2 ({Less strong is} 37. Rxc7 Rxd4 38. Rfxf7 (38. Rcxf7 Rxf7 39. Rxf7 Rxb4 $18) 38... Rxf7 $18) 37... Qe5 38. Kh2 Rd7 39. Rf5 Qd4 40. Qf4+ Kb7 41. b5 {And now Rd5! would win.} Qb4 42. Qf2 Qb2 (42... Qd4 $142 43. Qf3 Qb4) 43. Rc4 Qc1 44. e5 {Strongly threatening e6!} Qd1 {[#]} 45. Rh4 $1 Rg7 46. Rhf4 Kb8 47. Rxf7 Rgxf7 48. Rxf7 Rxf7 49. Qxf7 Qxc2+ 50. Kxh3 Qxd3 51. e6 {White wants to mate with e7.} Qe4 52. Qf4+ {Accuracy: White = 83%, Black = 50%.} 1-0

[Event "XLV Sevilla Open 2020"]
[Site "Sevilla"]
[Date "2020.01.13"]
[Round "4.5"]
[White "Polivanov, Anatoliy"]
[Black "Shevchenko, Kirill"]
[Result "0-1"]
[WhiteElo "2420"]
[BlackElo "2553"]
[Annotator "TA"]
[PlyCount "100"]
[EventDate "2020.01.05"]
[EventType "swiss"]
[EventCountry "ESP"]
[SourceTitle "playchess.com"]
[Source "ChessBase"]
[SourceQuality "1"]

{[%evp 9,100,31,24,39,35,31,30,16,26,4,14,15,14,23,14,3,5,23,23,0,0,0,0,0,0,0,0,0,0,-23,-31,-31,0,-78,-79,-75,-64,-229,0,0,45,37,54,39,43,39,44,39,182,172,175,165,181,-64,-62,-60,-68,-61,-64,-67,-63,-66,-53,-61,-33,-45,-33,-75,-46,-51,-46,-46,-46,-46,-31,-46,-46,-46,-38,-116,-116,-116,-116,-116,-14,-116,-116,-344,-214,-29975,-29976,-29979,-29978]} 1. e4 c5 2. c3 Nf6 3. e5 Nd5 4. Bc4 Nb6 5. Bb3 c4 (5... Nc6 6. Nf3 d5 7. exd6 Qxd6 8. Na3 Be6 9. O-O Bxb3 10. Qxb3 e6 11. d4 cxd4 12. Nb5 Qd7 13. Nbxd4 {½-½ (13) Salgado Lopez,I (2629)-Mamedov,R (2703) St Petersburg 2018}) 6. Bc2 {B22: Sicilian: 2 c3} d6 7. exd6 Qxd6 8. Na3 {White has an edge.} Nc6 9. b3 cxb3 (9... Ne5 {feels hotter.} 10. Nxc4 Nbxc4 11. d4 Nb6 12. dxe5 Qxe5+ 13. Ne2 Bg4) 10. axb3 g6 $146 ({Predecessor:} 10... Qd5 11. Qf3 e5 12. Nc4 Qxf3 13. Nxf3 Nxc4 14. bxc4 {½-½ (58) Lazar,A (2317)-Sesko,M (2267) ICCF email 2011}) 11. Ne2 Bg7 12. d4 O-O 13. O-O Rd8 14. Nc4 (14. Bg5 {is interesting.} Bg4 15. f3 Be6 16. Qd2 Nd5 17. Nc4) 14... Nxc4 15. bxc4 b6 16. Ng3 Bb7 17. Re1 Qc7 {[%cal Rc6d4] With the idea ...Nxd4!} 18. Qg4 e5 {[%cal Re5d4]} 19. d5 Na5 20. Ra4 $1 f5 21. Nxf5 (21. Bxf5 $1 $11 {keeps the balance.} gxf5 22. Nxf5) 21... Bc8 $17 {[%mdl 64] Pin} 22. d6 Rxd6 $1 {[%mdl 64] Pin} 23. c5 $2 {[#]} ({Better is} 23. Ba3 $1 $15 Rd2 24. Qg5 Rxc2 25. Nxg7) 23... Rd8 $2 (23... Rc6 $1 $19 24. Be4 gxf5 25. Bd5+ Be6 26. Bxe6+ Rxe6 27. Qxf5 Rg6 28. cxb6 axb6) 24. Rxa5 $11 {Hoping for cxb6.} bxa5 (24... gxf5 $5 25. Qc4+ $8 Kh8 $11) 25. Qc4+ Qf7 $1 {[%cal Rf7c4]} 26. Bb3 Qxc4 27. Bxc4+ Kf8 28. Nd6 Rb8 (28... Bd7 $14) 29. Ba3 $18 {Threatens to win with c6.} Ke7 30. c6 Rxd6 31. Rd1 $2 ({White has to play} 31. f4 $1 $18 {[%cal Rf4e5]} Rb4 32. cxb4) 31... Rb4 $1 $15 32. Rxd6 Kxd6 ({But not} 32... Rxc4 $2 33. Rd4+ Ke6 34. Rxc4 $18) 33. cxb4 axb4 34. Bxb4+ Kxc6 {[%mdl 4096] Endgame KBB-KBB} 35. f3 Bf5 36. Kf2 Kb6 37. g4 Bc2 38. g5 h6 39. h4 hxg5 40. hxg5 e4 41. fxe4 a5 {[%cal Ba7a5,Ba5a4,Ba4a3][%mdl 32]} 42. Ba3 Bxe4 43. Ke3 Bf5 44. Be2 (44. Bf7 $15) 44... Be5 45. Bc4 a4 46. Bf7 {[#]} Ka5 ({Black should try} 46... Bc3 $1 $17 {Threatening ...Ka5.} 47. Be8 Ka5) 47. Be8 (47. Kd2 $1 $11 {was the only way to keep the balance.}) 47... Bc3 $17 48. Kf4 $2 (48. Bd6 $17 {might work better.}) 48... Bb4 $19 49. Bxb4+ $2 (49. Bb2 $19) 49... Kxb4 50. Bf7 a3 {Accuracy: White = 49%, Black = 63%.} 0-1

[Event "XLV Sevilla Open 2020"]
[Site "Sevilla"]
[Date "2020.01.13"]
[Round "4.6"]
[White "Harutyunian, Tigran K."]
[Black "Montero Melendez, Rafael"]
[Result "1-0"]
[WhiteElo "2533"]
[BlackElo "2288"]
[Annotator "TA"]
[PlyCount "107"]
[EventDate "2020.01.05"]
[EventType "swiss"]
[EventCountry "ESP"]
[SourceTitle "playchess.com"]
[Source "ChessBase"]
[SourceQuality "1"]

{[%evp 21,107,24,55,27,24,17,27,15,19,13,26,13,95,81,112,120,178,161,200,190,183,208,217,212,185,168,164,180,172,163,164,176,208,197,214,219,221,220,206,206,222,196,251,246,312,298,372,301,329,339,331,318,320,320,661,653,1184,1226,1236,1235,1165,1159,1238,1191,1088,1071,5189,2206,7216,7216,5106,1241,1158,1160,1406,1276,8158,11467,29959,12799,29984,29985,29991,29992,29992,29993,29993,29994]} 1. c4 Nf6 2. Nc3 c5 3. Nf3 e6 4. g3 b6 5. Bg2 Bb7 6. O-O Be7 7. d4 cxd4 8. Qxd4 d6 9. Bg5 a6 10. Bxf6 Bxf6 11. Qf4 Bxf3 12. Bxf3 {A30: Symmetrical English: Double Fianchetto and Hedgehog} (12. exf3 Ra7 13. Rad1 Be7 14. Qe3 O-O 15. f4 g6 16. h4 Nd7 17. Ne4 Nf6 18. Ng5 Rc7 19. Bh3 h6 20. Nxf7 Kxf7 21. Bxe6+ {0-1 (30) Kramnik,V (2772)-Carlsen,M (2801) Moscow 2009}) 12... Ra7 13. Rfd1 {Strongly threatening Ne4.} Rd7 14. Rd3 {White has an edge.} O-O 15. Rad1 {[%cal Rd3d6]} Be7 {[#]} 16. Qe3 $146 ({Predecessor:} 16. Qe4 Rc7 17. b3 Nd7 18. Qe3 Qb8 19. R3d2 Nf6 20. Ne4 {½-½ (20) Sorokin,M (2510)-Vazquez,R Merlo 1994}) 16... Qc7 {[#]} (16... Rc7 $11 {keeps the balance.}) 17. Na4 $1 $36 {[%mdl 2048] White is in control.} Bd8 18. Rb3 {[%cal Ra4b6]} Qxc4 (18... Bf6 $16 {was necessary.}) 19. Nxb6 $18 Qc2 20. Rc1 Bxb6 21. Rxb6 (21. Rxc2 $6 Bxe3 22. Rxe3 d5 $14) 21... Qf5 22. Bb7 Rdd8 23. Bxa6 Qa5 24. Bc4 d5 25. Rb5 Qa8 26. Bb3 Nc6 27. a4 {[%cal Ba2a4,Ba4b5][%mdl 32]} Rb8 28. Rcc5 Rxb5 29. axb5 ({Don't take} 29. Rxb5 $6 g6) 29... Na5 30. Bc2 Nc4 31. Qc3 Qa1+ (31... Qa7 $142) 32. Kg2 g6 33. Bd3 Qa8 {[#] ...d4+ is the strong threat.} 34. Rc6 Rb8 35. Bxc4 dxc4 36. Qxc4 {[%mdl 4096] Endgame KQR-KQR} Qb7 37. Qc5 h5 $2 (37... h6 38. b4 Qxb5 39. Rc8+ Kh7 40. Rxb8 Qxb8) 38. b4 {[%cal Bb2b4,Bb4b5][%mdl 32]} Qxb5 39. Rc8+ Kh7 40. Rxb8 Qxb8 {KQ-KQ} 41. b5 Qa8+ 42. Qc6 Qa4 43. h4 g5 44. hxg5 h4 45. Qf3 Kg8 46. gxh4 (46. b6 $142 hxg3 47. g6 fxg6 48. b7) 46... Qxb5 47. Qe4 Kg7 48. f4 Kg8 49. h5 Qb8 50. h6 Qc8 51. Qe5 {[%csl Gh6][%cal Re5g7] White mates.} Qf8 52. Qf6 Qa8+ 53. Kh2 {[%csl Gh6][%cal Rf6g7]} Qf8 54. e3 {Accuracy: White = 84%, Black = 28%.} 1-0

[Event "XLV Sevilla Open 2020"]
[Site "Sevilla"]
[Date "2020.01.13"]
[Round "4.7"]
[White "Bukal, Vladimir Jr."]
[Black "Shariyazdanov, Andrey"]
[Result "0-1"]
[WhiteElo "2385"]
[BlackElo "2519"]
[Annotator "TA"]
[PlyCount "40"]
[EventDate "2020.01.05"]
[EventType "swiss"]
[EventCountry "ESP"]
[SourceTitle "playchess.com"]
[Source "ChessBase"]
[SourceQuality "1"]

{[%evp 10,58,11,10,16,12,13,5,12,0,0,-18,-12,-12,-18,-37,-28,-45,-43,-42,-35,-25,-35,-33,-52,-45,0,-130,-132,-220,-224,-220,-219,-219,-219,-217,-218,-218,-191,-192,-170,-275,-286,-309,-298,-343,-341,-365,-355,-423,-409]} 1. d4 e6 2. Nf3 c5 3. e3 Nf6 4. Bd3 d5 5. b3 Nc6 6. O-O b6 {D05: Colle System with ...e6} (6... cxd4 7. exd4 g6 8. Re1 Bg7 9. Ba3 Ne7 10. Nbd2 O-O 11. Ne5 b6 12. Qe2 Bb7 13. Rad1 Qc7 14. Ndf3 Nf5 15. Bxf8 Rxf8 {½-½ (44) Karjakin,S (2750)-Yu,Y (2752) Saint Louis 2019}) 7. Bb2 Bb7 8. Nbd2 Bd6 {The position is equal.} 9. Ne5 O-O 10. a3 Rc8 11. f4 Ne7 12. Qe2 Ne4 13. Rac1 Nxd2 $146 ({Predecessor:} 13... f6) 14. Qxd2 f6 15. dxc5 bxc5 {[%cal Bb6c5,Bc5c4][%mdl 32]} 16. Nf3 c4 $36 {[%mdl 2048] White is under pressure.} 17. Be2 Ba6 18. c3 {[#]} (18. Nd4 $11 {remains equal.}) 18... Qb6 $1 $17 19. b4 (19. Nd4 $17) 19... Bxf4 $1 $19 20. Nd4 Bg5 {Played: Bf4-h6} 0-1

[Event "XLV Sevilla Open 2020"]
[Site "Sevilla"]
[Date "2020.01.13"]
[Round "4.8"]
[White "Matamoros Franco, Carlos S."]
[Black "Rangel, Daniel"]
[Result "1-0"]
[WhiteElo "2487"]
[BlackElo "2269"]
[Annotator "TA"]
[PlyCount "67"]
[EventDate "2020.01.05"]
[EventType "swiss"]
[EventCountry "ESP"]
[SourceTitle "playchess.com"]
[Source "ChessBase"]
[SourceQuality "1"]

{[%evp 23,67,29,28,27,52,25,52,44,107,116,113,107,205,219,190,181,171,167,191,112,189,181,182,179,253,237,247,245,372,377,414,407,404,335,331,322,316,322,406,406,5010,5002,2548,2283,29993,427]} 1. d4 Nf6 2. Nf3 e6 3. g3 d5 4. Bg2 Be7 5. O-O O-O 6. c4 c6 7. Qc2 Nbd7 8. Nbd2 b6 9. e4 Bb7 10. e5 Ne8 11. cxd5 cxd5 12. Re1 Rc8 13. Qa4 {E09: Closed Catalan: Main Line: 7 Qc2 c6 8 Nbd2} (13. Qd1 Qc7 14. Nb1 b5 15. Bf1 b4 16. a3 a5 17. axb4 axb4 18. Bd3 Qb6 19. Bf4 Nc7 20. Nbd2 Ra8 {1-0 (35) Howell,D (2694)-Akobian,V (2625) Douglas 2019}) 13... Qc7 {[#]} 14. Nb1 $146 ({Predecessor:} 14. Bf1 a5 15. Bd3 Nb8 16. a3 Qc6 17. Qd1 Ba6 18. Bb1 Nd7 19. Nf1 f6 20. exf6 Bxf6 21. h4 g6 22. g4 Bg7 23. N1h2 Nef6 {½-½ (23) Berczes,D (2555)-Saric,A (2497) Zadar 2011}) 14... Qc4 15. Qd1 {White is slightly better.} (15. Qxd7 Rc7 $11) (15. Qxa7 $2 Qc6 $19) 15... Qc2 (15... Nb8 $14) 16. Qxc2 $1 $16 Rxc2 {[#]} 17. Nc3 $1 Bb4 {[#]} (17... f6 $16) 18. Re3 $1 $18 f6 {White should prevent ...fxe5.} 19. Ne1 Rxc1 20. Rxc1 fxe5 21. Nd3 ({Much less strong is} 21. dxe5 $6 Bc5 $14) (21. Nc2 $18) 21... Bxc3 (21... exd4 $16 22. Rxe6 Nc7) 22. bxc3 e4 23. Bh3 $36 {[%mdl 2048] Keeping Black busy.} Nc7 (23... Kf7 $142 24. Nf4 Ke7 25. Nxe6 Rf6) 24. Nf4 Kf7 25. c4 {[%cal Bc3c4,Bc4d5,Bd5d6][%mdl 32] cxd5 is the strong threat.} e5 (25... Re8 $142 26. cxd5 Nxd5) 26. Nxd5 (26. Bxd7 exf4 27. Ra3 (27. gxf4 Ke7 $16) 27... a6 $18) 26... Nxd5 27. cxd5 exd4 28. Be6+ ({Weaker is} 28. Bxd7 dxe3 29. Be6+ Kf6 $11) 28... Ke7 29. Rxe4 {aiming for Rc7.} Nc5 30. Rxd4 Rf3 31. Bg4 Ra3 (31... Rf7 $142 32. Re1+ Kd8) 32. d6+ Kd8 33. Rf4 {[%cal Rf4f8]} Bc6 34. Rf8+ {Accuracy: White = 73%, Black = 21%.} 1-0

[Event "XLV Sevilla Open 2020"]
[Site "Sevilla"]
[Date "2020.01.13"]
[Round "4.9"]
[White "Calzetta Ruiz, Monica"]
[Black "Gagare, Shardul"]
[Result "0-1"]
[WhiteElo "2292"]
[BlackElo "2481"]
[Annotator "TA"]
[PlyCount "84"]
[EventDate "2020.01.05"]
[EventType "swiss"]
[EventCountry "ESP"]
[SourceTitle "playchess.com"]
[Source "ChessBase"]
[SourceQuality "1"]

{[%evp 15,84,0,11,13,18,-22,43,30,44,39,54,42,40,40,57,23,33,45,31,35,43,43,39,28,32,0,32,24,29,0,0,-7,-6,-6,-6,-6,-4,-4,-4,-10,-5,-38,-28,-50,-48,-73,-66,-92,-71,-73,-11,-63,-75,-107,-107,-245,-243,-450,-450,-450,-441,-547,-547,-897,-785,-699,-314,-314,-253,-2787,-2764]} 1. e4 e6 2. d4 d5 3. Nc3 Nf6 4. Bg5 dxe4 5. Nxe4 Nbd7 6. Nf3 h6 7. Nxf6+ Nxf6 8. Be3 Nd5 9. Bd2 {C10: French with 3 Nc3: Unusual Black 3rd moves and 3...dxe4} c5 10. c4 $146 ({Predecessor:} 10. Bb5+ Bd7 11. Bxd7+ Qxd7 12. c4 Nb6 13. Rc1 Be7 14. dxc5 Bxc5 15. b4 Be7 16. c5 {1-0 (48) Naiditsch,A (2696)-Jianu,V (2554) Baku 2016}) 10... Nb6 ({Black should try} 10... Nf6 $11) 11. Rc1 {White is slightly better.} Be7 12. dxc5 Bxc5 13. b4 Be7 $1 14. c5 Nd5 15. Bb5+ Bd7 16. Bxd7+ Qxd7 17. Ne5 Qc7 18. Qa4+ Kf8 19. Nc4 h5 20. Qd1 Rd8 21. Qf3 h4 22. h3 b5 23. Nd6 Bxd6 24. cxd6 Qxd6 25. O-O f6 26. Rc5 Qd7 27. Rfc1 Kf7 28. Qe2 a6 29. a4 bxa4 30. Qxa6 Ra8 31. Qc4 a3 32. Ra1 Ra4 ({Better is} 32... Rhc8 $17 {White should prevent ...Rxc5.} 33. Rxc8 Qxc8 34. Qxc8 Rxc8 35. Rxa3 Rc2) 33. Qd3 (33. Qb3 $11) 33... a2 $36 {[%mdl 2048] Black is really pushing.} 34. Qc2 {[#]} Rha8 $1 ({Wrong is} 34... Nxb4 $2 35. Bxb4 Ra7 36. Rxa2 $18) 35. b5 (35. Ra5 $17 {was called for.}) 35... Qd6 $19 36. f4 $2 (36. Qc1) 36... Nxf4 37. Bxf4 Qxf4 ({Weaker is} 37... Rxf4 38. Rc7+ Kg8 39. Rc8+ Rxc8 40. Qxc8+ Kf7 41. Qb7+ Kg6 42. Qa7 $19) 38. Rc7+ Kg8 {[#] aiming for ...Qd4+.} 39. Rc8+ Rxc8 40. Qxc8+ Kh7 (40... Kf7 $142 {( -> ...Qd4+)} 41. Qd7+ Kg6 42. Qe8+ Kg5) 41. Qc2+ f5 42. Rxa2 $2 (42. Qe2) 42... Rc4 {Accuracy: White = 40%, Black = 60%.} ({Less strong is} 42... Qe3+ 43. Qf2 $17) 0-1

[Event "XLV Sevilla Open 2020"]
[Site "Sevilla"]
[Date "2020.01.13"]
[Round "4.10"]
[White "Swayams, Mishra"]
[Black "Gu, Tianlu"]
[Result "1-0"]
[WhiteElo "2479"]
[BlackElo "2255"]
[Annotator "TA"]
[PlyCount "103"]
[EventDate "2020.01.05"]
[EventType "swiss"]
[EventCountry "ESP"]
[SourceTitle "playchess.com"]
[Source "ChessBase"]
[SourceQuality "1"]

{[%evp 11,103,-7,32,36,24,2,11,0,14,0,15,11,52,49,40,-14,40,8,54,18,47,-9,0,-31,-26,-45,0,-32,-43,-60,-11,-196,-204,-187,-206,-208,-212,-204,-196,-243,-233,-289,-284,-261,-272,-255,-216,-265,-247,-255,-249,-406,-374,-388,-378,-337,-343,-441,-444,-559,-489,-491,-485,-475,-459,-624,-505,-492,-220,-201,-215,-212,0,0,0,0,127,127,872,388,29980,29982,29991,29992,29992,29993,29993,0,29984,29985,29985,29986,29985,29982]} 1. Nf3 d5 2. g3 Nf6 3. Bg2 c5 4. O-O Nc6 5. d4 e6 6. b3 b6 7. Bb2 {D02: 1 d4 d5 2 Nf3 sidelines, including 2...Nf6 3 g3 and 2...Nf6 3 Bf4} Be7 (7... Bb7 8. e3 Be7 9. Nbd2 O-O 10. a3 Rc8 11. Qe2 Qc7 12. c4 cxd4 13. exd4 Rfd8 14. Rac1 Qb8 {½-½ (48) Kurajica,B (2548)-Ponomariov,R (2743) Benidorm 2002}) 8. dxc5 bxc5 9. c4 {The position is equal.} O-O 10. cxd5 exd5 11. Nc3 Bf5 $146 ({Predecessor:} 11... Bb7 12. Rc1 Rc8 13. Nh4 d4 14. Na4 Na5 15. Bxb7 Nxb7 16. Nf5 Re8 17. Nxe7+ Qxe7 18. Re1 Nd5 19. Ba3 a5 20. e3 Nb4 21. Bxb4 axb4 22. exd4 Qxe1+ 23. Qxe1 Rxe1+ 24. Rxe1 cxd4 {1-0 (58) Pultinevicius,P (2371)-Lavendelis,E (2278) Katowice 2017}) 12. Rc1 Rc8 13. a3 (13. Na4 $14) 13... Nb8 ({Black should try} 13... Na5 $11) 14. Ne5 {[%cal Rc3d5]} Be6 15. Na4 Qd6 16. Qc2 ({White should play} 16. Nd3 $14) 16... d4 17. Nc4 Qa6 18. e3 Rfd8 19. Rfd1 {[%cal Re3d4]} Nc6 20. Ba1 Bxc4 (20... Na5 {is interesting.} 21. Nab2 dxe3 22. fxe3 Ng4 23. h3 Nxc4 24. Nxc4 Bxc4 25. bxc4 Nxe3 26. Qc3 Qh6) 21. bxc4 $2 {[#]} (21. Qxc4 $11 {and White stays safe.} Qxc4 22. bxc4) 21... d3 $1 $19 {[%cal Rd3c2][%mdl 512]} 22. Rxd3 Rxd3 23. Bxf6 Rxa3 24. Bxe7 Nxe7 25. Nb2 Ra2 26. Qe4 Ra1 27. Rf1 Rxf1+ 28. Bxf1 Nc6 29. Nd3 Nb4 30. Nf4 Qc6 31. Qe7 $2 (31. Nd5 Qe8 32. Qg4 Nxd5 33. cxd5) 31... Qc7 32. Qg5 {Now Nh5 and White clings on.} h6 33. Qf5 Rd8 34. h4 a5 35. Bg2 Qc8 36. Qe5 a4 37. Nh5 {[%csl Gh5][%cal Re5g7]} f6 38. Qe7 {[%csl Gh5][%cal Re7g7]} Qd7 39. Qxc5 Rb8 (39... a3 $142 40. Qxb4 Qa7) 40. Nf4 a3 {Strongly threatening ...a2.} 41. Bh3 Qd1+ $2 (41... Qe8 $19 {aiming for ...a2.} 42. Be6+ Kh8) 42. Kg2 $11 {Intending Be6+ and mate.} Re8 {Hoping for ...f5!} 43. Be6+ Rxe6 (43... Kh8 $1 $11 {remains equal.}) 44. Nxe6 $16 {White wants to mate with Qf8+.} Kf7 $2 {[%mdl 8192]} (44... Qd7 $16 45. Qxb4 Qxe6 46. Qxa3 Qe4+ 47. Kg1 Qxc4) 45. Qxb4 (45. Qf8+ $142 Kxe6 46. Qe8+ Kd6 47. Qd8+ Kc5 48. Qxd1 Kxc4 49. Kf3) 45... a2 $2 (45... Kxe6 $18 46. Qxa3 Qd7 47. Qa6+ Kf7) 46. Qf8+ {[%mdl 64] Double Attack} Kg6 47. Qe8+ Kh7 48. Nf8+ Kg8 49. Ne6+ Kh7 50. h5 {White mates.} Qxh5 51. Qxh5 a1=Q {[#]} 52. Qe8 {Played: Qh5-f7} 1-0

[Event "XLV Sevilla Open 2020"]
[Site "Sevilla"]
[Date "2020.01.13"]
[Round "4.11"]
[White "Chkhaidze, Nikoloz"]
[Black "Alsina Leal, Daniel"]
[Result "0-1"]
[WhiteElo "2288"]
[BlackElo "2465"]
[Annotator "TA"]
[PlyCount "36"]
[EventDate "2020.01.05"]
[EventType "swiss"]
[EventCountry "ESP"]
[SourceTitle "playchess.com"]
[Source "ChessBase"]
[SourceQuality "1"]

{[%evp 9,44,-8,-6,-12,-20,-29,-20,-12,-7,-16,-1,-7,-8,-13,-6,-19,-14,-10,-16,-11,32,8,51,-436,-431,-427,-434,-583,-452,-1309,-1286,-2116,-1999,-2641,-2635,-29985,-29985]} 1. d4 Nf6 2. c4 g6 3. Nc3 d5 4. Nf3 Bg7 5. h4 dxc4 6. e4 {D90: Grünfeld: 4 Nf3 Bg7 sidelines} c5 7. d5 b5 {Black wants to play ...b4.} 8. h5 {The position is equal.} O-O $1 9. hxg6 fxg6 10. e5 Ng4 11. d6 {[#] Qd5+ is the strong threat.} e6 $1 $36 {[%mdl 2048] Black is more active.} 12. Rxh7 Rf5 13. Rh3 Nc6 14. Nxb5 Ncxe5 15. Nxe5 Nxe5 {[#]} ({Don't play} 15... Qa5+ $6 16. Nc3 $16) 16. Bh6 $146 {[%mdl 8192] [#]} (16. g4 $1 $14 Rf8 17. a4) ({Predecessor:} 16. f4 Rb8 17. Nc3 Qf8 18. Be2 Nd3+ 19. Bxd3 cxd3 20. Qxd3 c4 21. Qxc4 Qxd6 22. Ne4 {½-½ (28) Anikeev,V (2250)-Grammatica,A (2286) ICCF email 2014}) 16... Bxh6 $19 17. Rxh6 Rb8 18. Bxc4 Bd7 {Played: Qd8-g5} 0-1

[Event "XLV Sevilla Open 2020"]
[Site "Sevilla"]
[Date "2020.01.13"]
[Round "4.12"]
[White "Ravi, Teja S."]
[Black "Ordonez Torres, Maria Del Carmen"]
[Result "1-0"]
[WhiteElo "2464"]
[BlackElo "2061"]
[Annotator "TA"]
[PlyCount "98"]
[EventDate "2020.01.05"]
[EventType "swiss"]
[EventCountry "ESP"]
[SourceTitle "playchess.com"]
[Source "ChessBase"]
[SourceQuality "1"]

{[%evp 16,98,30,29,27,28,35,2,2,7,39,36,68,67,57,25,36,29,29,7,16,0,0,0,0,0,0,0,0,0,0,0,81,0,0,0,0,-5,29,16,15,0,0,-41,0,-60,-58,-113,-81,-76,-10,-58,0,0,92,116,108,106,85,0,0,0,217,0,291,277,1237,1215,1030,620,529,536,500,535,2831,1920,5562,5310,12839,12839,12839,12840,12839,12839,29987]} 1. d4 Nf6 2. Nf3 g6 3. g3 Bg7 4. Bg2 O-O 5. O-O d6 6. c4 Nc6 7. Nc3 a6 {[%cal Ba7a6,Ba6b5,Bb5b4][%mdl 32]} 8. d5 Na5 9. b3 Bd7 {E63: King's Indian: Fianchetto: Panno Variation with 7...a6} 10. Bg5 (10. Bd2 c5 11. e4 Bg4 12. Qe1 Bxf3 13. Bxf3 Nd7 14. Rb1 b6 15. Bg2 Nb7 {1-0 (39) Cheparinov,I (2687)-Bologan,V (2574) Moscow 2019}) 10... b5 11. cxb5 axb5 {The position is equal.} 12. Nd4 h6 $146 ({Predecessor:} 12... b4 13. Na4 Qb8 14. Rc1 Qb7 15. Qd3 h6 16. Bxf6 Bxf6 17. e3 {1-0 (26) Petkov,S (2371)-Dimov,D (2316) ICCF email 2010}) 13. Bd2 Qe8 14. Rc1 Ra6 15. e4 b4 $1 {[%cal Rb4c3]} 16. Na4 c5 17. dxc6 $1 Nxc6 18. Nxc6 Bxc6 19. e5 dxe5 20. Bxc6 Rxc6 21. Bxb4 Rxc1 22. Qxc1 Nd5 23. Bd2 Kh7 (23... Qa8 $11) 24. Qc5 (24. Nc5 $16) 24... Qa8 $11 25. Rc1 e6 26. Qa5 Qb8 27. Nc5 {Black must now prevent Nd7.} Rd8 28. a4 Bf8 29. Nd3 {With the idea Nxe5!} Be7 30. Re1 (30. Nc5 $11) 30... e4 $1 $15 {[%cal Re4d3]} 31. Rxe4 (31. Nc5 $1 $15) 31... Qxb3 32. Ne5 Qc2 (32... Rc8 $17 {aiming for ...Qc2.} 33. Re1 (33. Nxf7 Qf3 $17 {[%mdl 64] Double Attack}) 33... Qb2) 33. Re1 Nf6 ({Black should play} 33... Rb8 $15 34. Bc1 (34. Nxf7 $2 Bc5 $19) 34... Rb4) 34. Be3 Kg7 (34... Rd1 $11 {keeps the balance.} 35. Rxd1 (35. Nxf7 $2 Nd5 $19) 35... Qxd1+ 36. Kg2 Nd5) 35. Bxh6+ $16 Kh7 {Black wants to play ...Rd1.} 36. Be3 ({Much weaker is} 36. Nxf7 $6 Ng4 $11) 36... Rd1 {[#]} 37. Nxf7 (37. Rxd1 $1 $16 Qxd1+ 38. Kg2) 37... Nd5 $11 38. Ng5+ Kg8 $2 {[#]} (38... Kh6 $11 39. Nxe6+ Nxe3 40. fxe3 Qe2 41. Rxd1 Qxd1+ 42. Kg2 Qe2+ {[%mdl 64] Double Attack} 43. Kh3 Qf1+ 44. Kg4 Qe2+ 45. Kh3 Qf1+ 46. Kg4 Qe2+ 47. Kh3) 39. Nxe6 $2 (39. Kg2 $1 $18 {Qa8+ is the strong threat.} Rxe1 40. Qxe1) 39... Nc3 $2 {[%mdl 8192]} (39... Nxe3 $11 40. fxe3 Qe2 41. Rxd1 Qxe3+ 42. Kf1 (42. Kg2 $2 Qe2+ {[%mdl 64] Double Attack} 43. Kh3 Qxe6+ 44. Kg2 Qe2+ {[%mdl 64] Double Attack} 45. Kh3 Qxd1 $19) 42... Qf3+ {[%mdl 64] Double Attack} 43. Ke1 Qe3+ {[%mdl 64] Double Attack} 44. Kf1 Qf3+ {[%mdl 64] Double Attack} 45. Ke1 Qe3+ {[%mdl 64] Double Attack} 46. Kf1) 40. Rxd1 $18 Ne2+ $2 (40... Qxd1+ 41. Kg2 Qxa4 42. Qxc3 Qe4+ 43. Kg1 Qxe6) 41. Kg2 {White is clearly winning.} Qxd1 42. Nf4 Qg1+ 43. Kf3 Nxf4 44. Kxf4 Bd6+ 45. Kg5 {Intending Qd5+ and mate.} Be7+ 46. Kxg6 {Qd5+ would kill now.} Qb1+ 47. Qf5 Qb3 48. a5 {White wants to mate with a6.} Qc4 49. Kh5 Kh8 {Accuracy: White = 41%, Black = 38%.} 1-0